000 00311nam a22001337a 4500
008 181017b xxu||||| |||| 00| 0 eng d
020 _a9780763763817
041 _aeng
080 _23 ed
_a370
100 _a3
101 _aSHM
245 _aIntroduction To Public Health
_cSchneider.m.j
942 _2udc
_cBK
999 _c50068
_d50068